| 000 | 01015nam0a2200265 4500 | ||
|---|---|---|---|
| 001 | RU\NLR\b_ik\138861 | ||
| 005 | 20260408190855.0 | ||
| 010 | _a5-88451-169-8 | ||
| 035 | _a(NLR Aleph) 002212088 | ||
| 090 |
_a3183098 _c3183098 |
||
| 100 | _a20051207d2005 |||y0rusy50 ca | ||
| 101 | 0 | _aita | |
| 102 | _aRU | ||
| 105 | _aa ||||||||| | ||
| 200 | 1 |
_aUniversità statale di Mosca _e250 anni |
|
| 210 |
_aMosca _cPamyatniki istoricheskoy misli _d2005 |
||
| 215 |
_a39, [1] c. _cцв. ил. _d21 |
||
| 541 | 0 |
_aМосковский гос. университет _e250 лет _zrus |
|
| 601 | 0 | 2 |
_8rus _aМГУ им. М.В. Ломоносова _xИстория _7ca _3RU\NLR\AUTH\661258044 _92082033 |
| 686 | 4 | _aЧ484(2)711.9-МГУ | |
| 712 | 0 | 2 |
_4570 _8ita _aUniversità statale "M.V. Lomonosov" _cMosca _7ba _3RU\NLR\AUTH\889931211 _9357876 |
| 801 | 0 |
_aRU _bNLR _c20051207 _gPSBO |
|
| 942 | _cBOOK | ||
| 980 | _aNB | ||